[Event "Chigorin Memorial 2018"]
[Site "St. Petersburg"]
[Date "2018.11.01"]
[Round "6.115"]
[White "Tarielashvili, Diana"]
[Black "Rudikov, Dmitry"]
[Result "0-1"]
[WhiteElo "1503"]
[BlackElo "1990"]
[PlyCount "90"]
[EventDate "2018.10.27"]
[EventType "swiss"]
[EventCountry "RUS"]
[WhiteTeam "Russland"]
[BlackTeam "Russland"]
[WhiteTeamCountry "RUS"]
[BlackTeamCountry "RUS"]

1. e4 c5 2. Nf3 a6 3. d4 cxd4 4. Nxd4 Nf6 5. Nc3 d6 6. Be2 e5 7. Nb3 Be6 8. f4 exf4 9. Bxf4 Be7 10. Qd3 Nc6 11. O-O-O Ne5 12. Qg3 Qc7 13. Nd4 O-O 14. Nxe6 fxe6 15. Bxe5 dxe5 16. Kb1 b5 17. Bg4 Nxg4 18. Qxg4 Qc6 19. Ne2 b4 20. Ng3 Rf2 21. Ne2 Rc8 22. Rc1 h6 23. h4 h5 24. Qxh5 Qxe4 25. Ng3 Qe3 26. Qg6 Bf6 27. Qg4 Rc6 28. Nh5 a5 29. Qg6 Rc8 30. Qg4 Rf5 31. Ng3 Qf4 32. Qg6 e4 33. Nxf5 exf5 34. Rh3 e3 35. Qg3 Qd4 36. c3 Qe4+ 37. Rc2 e2 38. Qe1 Re8 39. g3 Qd3 40. Kc1 bxc3 41. bxc3 Be7 42. Rh2 Ba3+ 43. Rb2 Rc8 44. Rhxe2 Rxc3+ 45. Rec2 Qxc2# 0-1

[Event "Chigorin Memorial 2018"]
[Site "St. Petersburg"]
[Date "2018.11.01"]
[Round "6.116"]
[White "Pradeep, Pandya"]
[Black "Tyapkin, Petr"]
[Result "0-1"]
[WhiteElo "1537"]
[BlackElo "2080"]
[PlyCount "100"]
[EventDate "2018.10.27"]
[EventType "swiss"]
[EventCountry "RUS"]
[WhiteTeam "Indien"]
[BlackTeam "Russland"]
[WhiteTeamCountry "IND"]
[BlackTeamCountry "RUS"]

1. d4 Nf6 2. c4 g6 3. Nc3 Bg7 4. e4 d6 5. Nf3 O-O 6. Be2 e5 7. dxe5 dxe5 8. Qxd8 Rxd8 9. Bg5 Re8 10. Bxf6 Bxf6 11. Nd5 Bd8 12. O-O-O c6 13. Nb4 Nd7 14. Nd3 a5 15. Kb1 Bb6 16. h4 Nc5 17. Nxc5 Bxc5 18. Rhf1 f6 19. Nd2 a4 20. a3 Be6 21. g4 Rad8 22. Kc2 Rd4 23. f4 exf4 24. Rxf4 Kg7 25. Rdf1 Red8 26. Nf3 R4d7 27. e5 fxe5 28. Re4 Bg8 29. Rxe5 Re7 30. Rxe7+ Bxe7 31. Rd1 Rxd1 32. Kxd1 Be6 33. Nd4 Bd7 34. g5 Bc5 35. Nf3 Bf2 36. Ne5 Be6 37. h5 gxh5 38. Bxh5 Bd4 39. Nd3 Bxc4 40. Kd2 Bxd3 41. Kxd3 Bxb2 42. Bd1 Bxa3 43. Bxa4 Kg6 44. Ke4 Kxg5 45. Bc2 Kf6 46. Kf4 h6 47. Bf5 Bd6+ 48. Ke4 c5 49. Bc8 b5 50. Kd5 Bf8 0-1

[Event "Chigorin Memorial 2018"]
[Site "St. Petersburg"]
[Date "2018.11.01"]
[Round "6.117"]
[White "Shoshin, Kirill"]
[Black "Yakovlev, Yuri S."]
[Result "0-1"]
[WhiteElo "2073"]
[BlackElo "1838"]
[PlyCount "76"]
[EventDate "2018.10.27"]
[EventType "swiss"]
[EventCountry "RUS"]
[WhiteTeam "Russland"]
[BlackTeam "Russland"]
[WhiteTeamCountry "RUS"]
[BlackTeamCountry "RUS"]

1. d4 d5 2. c4 c6 3. e3 Nf6 4. Nf3 e6 5. Nc3 Bd6 6. b3 Bb4 7. Bd2 Nbd7 8. Bd3 O-O 9. Qc2 h6 10. O-O Bd6 11. Rfe1 e5 12. dxe5 Nxe5 13. Nxe5 Bxe5 14. h3 d4 15. exd4 Bxd4 16. Rad1 Be6 17. Be3 c5 18. Bxd4 cxd4 19. Ne2 Qb6 20. Nxd4 Rad8 21. c5 Qc7 22. Nxe6 fxe6 23. Rxe6 Kh8 24. Qc4 Qf7 25. Rde1 Nh5 26. R6e2 Nf4 27. Re7 Nxh3+ 28. Kh2 Qxc4 29. Bxc4 Nxf2 30. Rxb7 Rf5 31. c6 Rd4 32. Rb8+ Kh7 33. Bg8+ Kg6 34. Re6+ Kh5 35. Bf7+ Kh4 36. g3+ Kg4 37. c7 Rd2 38. Rd6 Nd3+ 0-1

[Event "Chigorin Memorial 2018"]
[Site "St. Petersburg"]
[Date "2018.11.01"]
[Round "6.118"]
[White "Rudovskii, Filipp"]
[Black "Trifonov, Vladislav"]
[Result "1-0"]
[WhiteElo "2054"]
[BlackElo "1749"]
[PlyCount "93"]
[EventDate "2018.10.27"]
[EventType "swiss"]
[EventCountry "RUS"]
[WhiteTeam "Russland"]
[BlackTeam "Russland"]
[WhiteTeamCountry "RUS"]
[BlackTeamCountry "RUS"]

1. e4 c5 2. d4 cxd4 3. c3 d5 4. exd5 Qxd5 5. cxd4 Nc6 6. Nf3 Bg4 7. Be2 e6 8. Nc3 Qa5 9. O-O Nf6 10. Bf4 Rd8 11. Qb3 Qb4 12. Qxb4 Bxb4 13. a3 Be7 14. Rfd1 O-O 15. Be3 Nd5 16. Rac1 Bf6 17. Ne4 Be7 18. h3 Bh5 19. Nc5 Bxc5 20. dxc5 Nxe3 21. fxe3 Rxd1+ 22. Rxd1 Rd8 23. Rxd8+ Nxd8 24. Kf2 Kf8 25. b4 Ke7 26. Bd3 Bg6 27. Bxg6 hxg6 28. Ne5 Kf6 29. Nc4 e5 30. e4 Ke6 31. b5 f5 32. Ke3 Nf7 33. a4 Kd7 34. h4 Ke6 35. g3 g5 36. exf5+ Kd5 37. Nd6 Nd8 38. hxg5 Kxc5 39. Ne8 Nf7 40. g6 Nh6 41. Nxg7 Kb4 42. Ne8 Nxf5+ 43. Ke4 Nh6 44. g7 Kxa4 45. g4 Kxb5 46. Nf6 a5 47. g5 1-0

[Event "Chigorin Memorial 2018"]
[Site "St. Petersburg"]
[Date "2018.11.01"]
[Round "6.119"]
[White "Chugunov, Vadim"]
[Black "Solomin, Maxim"]
[Result "0-1"]
[WhiteElo "1790"]
[BlackElo "2025"]
[PlyCount "100"]
[EventDate "2018.10.27"]
[EventType "swiss"]
[EventCountry "RUS"]
[WhiteTeam "Russland"]
[BlackTeam "Russland"]
[WhiteTeamCountry "RUS"]
[BlackTeamCountry "RUS"]

1. e4 c5 2. Nf3 Nc6 3. d4 cxd4 4. Nxd4 g6 5. Nc3 Bg7 6. Be3 Nf6 7. Nxc6 bxc6 8. e5 Ng8 9. Bd4 c5 10. Bxc5 Qc7 11. Bd4 Bxe5 12. Nb5 Qb8 13. f4 Bxd4 14. Qxd4 Nf6 15. O-O-O O-O 16. Bc4 d5 17. Be2 Qb6 18. Qxb6 axb6 19. Kb1 e6 20. Bf3 Bd7 21. Nd4 Ra5 22. c3 Rfa8 23. a3 Rc8 24. Rhe1 Ne8 25. Be2 Nd6 26. Bd3 h5 27. h3 Kg7 28. Rd2 Bb5 29. Bxb5 Nxb5 30. Nxb5 Rxb5 31. Kc2 Rbc5 32. Rd4 Rc4 33. Red1 Kf6 34. g4 hxg4 35. hxg4 g5 36. f5 Rxd4 37. Rxd4 exf5 38. Rxd5 fxg4 39. Rd6+ Kf5 40. Rxb6 g3 41. Rd6 Kg4 42. Rd1 g2 43. b4 Kg3 44. a4 Rh8 45. Rg1 f5 46. b5 f4 47. b6 f3 48. a5 f2 49. Rxg2+ Kxg2 50. b7 f1=Q 0-1

[Event "Chigorin Memorial 2018"]
[Site "St. Petersburg"]
[Date "2018.11.01"]
[Round "6.120"]
[White "Kovalenko, Kleopatra"]
[Black "Kruglikov, Alexander"]
[Result "1-0"]
[WhiteElo "1781"]
[BlackElo "2003"]
[PlyCount "89"]
[EventDate "2018.10.27"]
[EventType "swiss"]
[EventCountry "RUS"]
[WhiteTeam "Russland"]
[BlackTeam "Russland"]
[WhiteTeamCountry "RUS"]
[BlackTeamCountry "RUS"]

1. e4 e6 2. d4 d5 3. Nc3 Nf6 4. e5 Nfd7 5. f4 c5 6. Nf3 Nc6 7. Be3 cxd4 8. Nxd4 a6 9. Be2 Nxd4 10. Bxd4 Qc7 11. O-O Bc5 12. Kh1 Bxd4 13. Qxd4 Qc5 14. Qd1 f5 15. exf6 Nxf6 16. Bd3 Bd7 17. Qe2 O-O 18. Qe5 b6 19. a4 Ng4 20. Qh5 Nf6 21. Qe5 Ng4 22. Qh5 Nf6 23. Qg5 h6 24. Qh4 d4 25. Ne4 Nxe4 26. Bxe4 Rae8 27. Qg4 Rf6 28. b3 Ref8 29. Bd3 Qd6 30. Bxa6 Rxf4 31. Rxf4 Rxf4 32. Qg3 Qf8 33. Bc4 Qf6 34. Re1 h5 35. h3 Kh8 36. Qd3 e5 37. Qe2 Rf5 38. Bd3 Rg5 39. Qe4 Kg8 40. Rf1 Bf5 41. Rxf5 Rxf5 42. Qxf5 Qd6 43. Bc4+ Kh8 44. Qxh5+ Qh6 45. Qxh6+ 1-0

[Event "Chigorin Memorial 2018"]
[Site "St. Petersburg"]
[Date "2018.11.01"]
[Round "6.121"]
[White "Yudkevich, Mikhail"]
[Black "Moskaleva, Arina"]
[Result "1-0"]
[WhiteElo "1993"]
[BlackElo "1675"]
[PlyCount "93"]
[EventDate "2018.10.27"]
[EventType "swiss"]
[EventCountry "RUS"]
[WhiteTeam "Russland"]
[BlackTeam "Russland"]
[WhiteTeamCountry "RUS"]
[BlackTeamCountry "RUS"]

1. d4 d5 2. c4 e6 3. Nf3 Nf6 4. g3 Be7 5. Bg2 O-O 6. O-O c5 7. cxd5 Nxd5 8. dxc5 Bxc5 9. a3 a5 10. e4 Nf6 11. Qc2 Be7 12. Rd1 Bd7 13. Nc3 Qc8 14. Bf4 Bc6 15. Ne5 Be8 16. Qe2 Nc6 17. Nc4 Bd7 18. Nb6 Qd8 19. Nxa8 e5 20. Be3 Qxa8 21. Nd5 Nxd5 22. exd5 Na7 23. d6 Bf6 24. Be4 Nb5 25. Qh5 g6 26. Qf3 Bg7 27. Bxb7 Qb8 28. Qd5 Nd4 29. Bxd4 exd4 30. Rac1 Be6 31. Qc6 Bg4 32. f3 Bf5 33. g4 Be6 34. Rc5 Qd8 35. Qc7 Qh4 36. Qxa5 Bxg4 37. Qe1 Qxe1+ 38. Rxe1 Bf5 39. Be4 Be6 40. Rb5 Rd8 41. Bd3 h5 42. a4 Rxd6 43. a5 Kh8 44. a6 Bd5 45. Re8+ Kh7 46. Rxd5 Rxd5 47. a7 1-0

[Event "Chigorin Memorial 2018"]
[Site "St. Petersburg"]
[Date "2018.11.01"]
[Round "6.122"]
[White "Tskhadadze, Anna"]
[Black "Archelkov, Arseniy"]
[Result "1/2-1/2"]
[WhiteElo "1952"]
[BlackElo "1657"]
[PlyCount "110"]
[EventDate "2018.10.27"]
[EventType "swiss"]
[EventCountry "RUS"]
[WhiteTeam "Russland"]
[BlackTeam "Kasachstan"]
[WhiteTeamCountry "RUS"]
[BlackTeamCountry "KAZ"]

1. d4 Nf6 2. Bf4 e6 3. e3 b6 4. Nd2 Bb7 5. Ngf3 d5 6. Bd3 Bd6 7. Ne5 O-O 8. h3 c5 9. c3 Nc6 10. Ndf3 Ne4 11. O-O Qc7 12. Bh2 Ne7 13. a4 f6 14. Ng4 Bxh2+ 15. Ngxh2 a6 16. Nd2 f5 17. Nhf3 Ng6 18. h4 Bc6 19. h5 Ne7 20. Ne5 Be8 21. Bxe4 dxe4 22. f3 Nd5 23. Qe1 f4 24. exf4 e3 25. Ne4 cxd4 26. cxd4 Qc2 27. Qb1 Rc8 28. Rc1 Qxc1+ 29. Qxc1 Rxc1+ 30. Rxc1 Bxa4 31. g3 e2 32. Kf2 Bd1 33. Nd3 a5 34. Rc6 Rf5 35. Ng5 Kf8 36. Nxe6+ Ke7 37. Nxg7 Rf6 38. Rxf6 Kxf6 39. h6 b5 40. g4 a4 41. g5+ Kf7 42. Nf5 b4 43. Nd6+ Kg6 44. Nc4 Bb3 45. Nce5+ Kh5 46. Kxe2 a3 47. bxa3 bxa3 48. Nc1 Ba4 49. Kd2 Nxf4 50. Nf7 Be8 51. Nd6 Bc6 52. Nc4 Ne6 53. Nxa3 Bxf3 54. Ke3 Kxg5 55. Kxf3 Nxd4+ 1/2-1/2

[Event "Chigorin Memorial 2018"]
[Site "St. Petersburg"]
[Date "2018.11.01"]
[Round "6.123"]
[White "Zasukhin, Mikhail"]
[Black "Myslevsky, Fedor"]
[Result "1/2-1/2"]
[WhiteElo "1943"]
[BlackElo "1617"]
[PlyCount "112"]
[EventDate "2018.10.27"]
[EventType "swiss"]
[EventCountry "RUS"]
[WhiteTeam "Russland"]
[BlackTeam "Russland"]
[WhiteTeamCountry "RUS"]
[BlackTeamCountry "RUS"]

1. d4 Nf6 2. c4 g6 3. Nc3 Bg7 4. g3 d6 5. Bg2 O-O 6. Nf3 Nbd7 7. O-O e5 8. e3 Ne8 9. Qb3 Rb8 10. Rd1 c6 11. a4 Kh8 12. h4 h6 13. Qa2 f5 14. b4 e4 15. Nh2 Ndf6 16. Qe2 d5 17. Ba3 Rf7 18. b5 Be6 19. c5 g5 20. hxg5 hxg5 21. Bh3 Qd7 22. bxc6 bxc6 23. Rdb1 Qc8 24. Rxb8 Qxb8 25. Rb1 Rb7 26. Rxb7 Qxb7 27. Qc2 Bf8 28. Bc1 Be7 29. Bf1 Bd8 30. Bd2 Ba5 31. Nxe4 dxe4 32. Bxa5 Qb3 33. Qc3 Qxa4 34. d5 Bxd5 35. Bd8 Kg7 36. Qe5 Qc2 37. Qxf5 Qxc5 38. Qxg5+ Kf7 39. Qf5 Qd6 40. Ba5 Qe6 41. Qf4 Qd6 42. Qh4 Ng7 43. g4 Kg6 44. Bc3 Qe6 45. Bh3 Qe7 46. Nf1 Ne6 47. Bxf6 Qxf6 48. Qh5+ Kg7 49. Ng3 Ng5 50. Nf5+ Kf8 51. Bf1 Nf3+ 52. Kg2 Bf7 53. Qh3 Be6 54. Ng3 Ne1+ 55. Kg1 Nf3+ 56. Kh1 Qg6 1/2-1/2

[Event "Chigorin Memorial 2018"]
[Site "St. Petersburg"]
[Date "2018.11.01"]
[Round "6.124"]
[White "Ageeva, Vasilisa"]
[Black "Kundianok, Vladislav"]
[Result "0-1"]
[WhiteElo "1745"]
[BlackElo "1918"]
[PlyCount "70"]
[EventDate "2018.10.27"]
[EventType "swiss"]
[EventCountry "RUS"]
[WhiteTeam "Russland"]
[BlackTeam "Russland"]
[WhiteTeamCountry "RUS"]
[BlackTeamCountry "RUS"]

1. d4 Nf6 2. Nc3 d5 3. Bf4 Bf5 4. f3 h5 5. e3 c5 6. Nb5 Na6 7. dxc5 Rc8 8. Nd4 Bd7 9. c6 bxc6 10. c3 Nb8 11. Rc1 e6 12. Be2 Bc5 13. Nh3 Qe7 14. Be5 O-O 15. Nf2 Ne8 16. Nc2 Bb6 17. h4 f6 18. Bh2 e5 19. O-O Nd6 20. g4 hxg4 21. Nxg4 Nf7 22. Bg3 f5 23. Nf2 g5 24. h5 f4 25. exf4 gxf4 26. Bh2 Qh4 27. Ne1 Qxh5 28. Kh1 Nh6 29. Rg1+ Kf7 30. c4 Rh8 31. Rg2 Rcg8 32. Ng4 Nf5 33. Nxe5+ Ke7 34. Ng4 Rxg4 35. fxg4 Ng3+ 0-1

[Event "Chigorin Memorial 2018"]
[Site "St. Petersburg"]
[Date "2018.11.01"]
[Round "6.125"]
[White "Shadunts, Kirill"]
[Black "Vetokhina, Sofia"]
[Result "1-0"]
[WhiteElo "1907"]
[BlackElo "1595"]
[PlyCount "98"]
[EventDate "2018.10.27"]
[EventType "swiss"]
[EventCountry "RUS"]
[WhiteTeam "Russland"]
[BlackTeam "Russland"]
[WhiteTeamCountry "RUS"]
[BlackTeamCountry "RUS"]

1. d4 Nf6 2. c4 g6 3. Nc3 Bg7 4. e4 d6 5. f3 O-O 6. Be3 b6 7. Qd2 c5 8. Nge2 Nc6 9. d5 Na5 10. b3 e6 11. Ng3 exd5 12. cxd5 a6 13. Rc1 Re8 14. Be2 b5 15. O-O Bd7 16. Bf4 Qb6 17. Kh1 Nb7 18. a3 Rac8 19. b4 c4 20. h3 Kh8 21. Be3 Qd8 22. Bd4 a5 23. f4 Ng8 24. Bf3 axb4 25. axb4 Ne7 26. Bxg7+ Kxg7 27. Qd4+ f6 28. e5 Nf5 29. Nxf5+ Bxf5 30. e6 Bd3 31. Rfe1 Ra8 32. Ra1 Qb8 33. g4 Rxa1 34. Rxa1 Rf8 35. Ra7 Qc7 36. Nxb5 Qe7 37. g5 Rb8 38. Kg2 Qd8 39. Nc3 h6 40. h4 hxg5 41. hxg5 Bc2 42. Be4 Bb3 43. Bb1 Qe7 44. Ne4 Rf8 45. gxf6+ Rxf6 46. Nxf6 Kf8 47. Nd7+ Kg8 48. Qf6 Qxf6 49. Nxf6+ Kg7 1-0

[Event "Chigorin Memorial 2018"]
[Site "St. Petersburg"]
[Date "2018.11.01"]
[Round "6.126"]
[White "Pavlov, Mikhail"]
[Black "Shemakhanov, Danila"]
[Result "1-0"]
[WhiteElo "1894"]
[BlackElo "1559"]
[PlyCount "115"]
[EventDate "2018.10.27"]
[EventType "swiss"]
[EventCountry "RUS"]
[WhiteTeam "Russland"]
[BlackTeam "Russland"]
[WhiteTeamCountry "RUS"]
[BlackTeamCountry "RUS"]

1. e4 e6 2. d4 d5 3. Nd2 Nf6 4. e5 Nfd7 5. Bd3 c5 6. c3 Nc6 7. Ne2 cxd4 8. cxd4 f6 9. exf6 Nxf6 10. Nf3 Bd6 11. O-O Qc7 12. Re1 O-O 13. Ng3 Bd7 14. Bd2 Rae8 15. Rc1 Qb8 16. Bc3 b5 17. Ne5 b4 18. Nxc6 Bxc6 19. Bd2 Bb5 20. Bb1 Qb7 21. Nh5 Qf7 22. Nxf6+ Qxf6 23. Be3 Rf7 24. Qh5 g6 25. Qg4 Bd7 26. Qg5 Qxg5 27. Bxg5 Rc8 28. Bh6 Re7 29. Bd3 Rxc1 30. Rxc1 Re8 31. h4 Rc8 32. Rxc8+ Bxc8 33. f4 Kf7 34. Kf2 Bf8 35. Bxf8 Kxf8 36. g4 Kf7 37. g5 Bd7 38. a3 a5 39. Ke2 Ba4 40. Kd2 Ke7 41. Kc1 Kd6 42. h5 Be8 43. axb4 axb4 44. hxg6 hxg6 45. Kc2 Ba4+ 46. Kb1 Be8 47. Ka2 Kc7 48. Kb3 Kb7 49. Kxb4 Kb6 50. b3 Kb7 51. Kc5 Kc7 52. b4 Bf7 53. Bb5 Kc8 54. Kd6 Kd8 55. Bc6 Bg8 56. b5 Bf7 57. b6 Kc8 58. Ke7 1-0

[Event "Chigorin Memorial 2018"]
[Site "St. Petersburg"]
[Date "2018.11.01"]
[Round "6.127"]
[White "Shmoilov, Dmitry"]
[Black "Lozovoi, Georgy"]
[Result "1-0"]
[WhiteElo "1887"]
[BlackElo "1315"]
[PlyCount "81"]
[EventDate "2018.10.27"]
[EventType "swiss"]
[EventCountry "RUS"]
[WhiteTeam "Russland"]
[BlackTeam "Russland"]
[WhiteTeamCountry "RUS"]
[BlackTeamCountry "RUS"]

1. Nf3 d5 2. g3 Nc6 3. c4 e6 4. b3 Nf6 5. Bb2 dxc4 6. bxc4 Be7 7. Bg2 O-O 8. O-O Nd7 9. d4 Nb6 10. Nbd2 Bf6 11. c5 Nd7 12. Nc4 b5 13. cxb6 axb6 14. Nfe5 Ndxe5 15. Nxe5 Bxe5 16. Bxc6 Ra5 17. dxe5 Qg5 18. f4 Qg4 19. Qd3 Ba6 20. Qf3 Qh3 21. Rfd1 Rc5 22. Ba3 Rc2 23. Qg2 Qxg2+ 24. Bxg2 Re8 25. Be4 Rxe2 26. Bd3 Re3 27. Bxa6 Rxa3 28. Bb7 Rb8 29. Bc6 Rc3 30. Rac1 Rxc1 31. Rxc1 g6 32. a4 Rd8 33. Rc2 Kf8 34. Kf2 Rd4 35. Ke3 Rd1 36. Bb5 Kg7 37. Rxc7 Rd8 38. Rb7 Kh6 39. Rxb6 Kh5 40. h3 Rd1 41. Be2+ 1-0

[Event "Chigorin Memorial 2018"]
[Site "St. Petersburg"]
[Date "2018.11.01"]
[Round "6.128"]
[White "Kurchenko, Egor"]
[Black "Gutsulyak, Nikolay"]
[Result "0-1"]
[WhiteElo "1710"]
[BlackElo "1861"]
[PlyCount "118"]
[EventDate "2018.10.27"]
[EventType "swiss"]
[EventCountry "RUS"]
[WhiteTeam "Russland"]
[BlackTeam "Russland"]
[WhiteTeamCountry "RUS"]
[BlackTeamCountry "RUS"]

1. e4 c5 2. Nf3 g6 3. d4 cxd4 4. Nxd4 Nc6 5. c4 Bg7 6. Be3 Nf6 7. Nc3 d6 8. Be2 O-O 9. O-O Bd7 10. Rb1 Nxd4 11. Bxd4 Bc6 12. f3 a5 13. a3 a4 14. Nd5 Nd7 15. Bxg7 Kxg7 16. Qd4+ e5 17. Qd2 Bxd5 18. Qxd5 Qb6+ 19. Kh1 Nc5 20. f4 f6 21. Bd1 Qc6 22. Bc2 Qxd5 23. exd5 Rfe8 24. f5 Reb8 25. g4 g5 26. Rf3 b5 27. Rc3 b4 28. Re3 bxa3 29. bxa3 Rxb1+ 30. Bxb1 Rb8 31. Bc2 Rb2 32. Rc3 Kf8 33. Kg1 Ra2 34. Kf1 Nb3 35. Bxb3 Rxa3 36. Rc1 Rxb3 37. Ke2 a3 38. Ra1 Rb2+ 39. Kf3 a2 40. h3 Ke7 41. Ke4 Kd7 42. Kd3 Kc7 43. Kc3 Rh2 44. Kb4 Kb6 45. c5+ dxc5+ 46. Kc4 Rg2 47. Rd1 Rb2 48. Ra1 Rb4+ 49. Kc3 Ra4 50. Kb3 Ra5 51. Kc4 Kc7 52. Kb3 Kd6 53. Kc4 h6 54. Kb3 Kxd5 55. Rd1+ Ke4 56. Re1+ Kf3 57. Ra1 e4 58. Kb2 e3 59. Rf1+ Kg2 0-1

[Event "Chigorin Memorial 2018"]
[Site "St. Petersburg"]
[Date "2018.11.01"]
[Round "6.129"]
[White "Khodko, Yurii N."]
[Black "Mustafazade, Fikrat"]
[Result "0-1"]
[WhiteElo "1858"]
[BlackElo "1404"]
[PlyCount "120"]
[EventDate "2018.10.27"]
[EventType "swiss"]
[EventCountry "RUS"]
[WhiteTeam "Russland"]
[BlackTeam "Aserbeidschan"]
[WhiteTeamCountry "RUS"]
[BlackTeamCountry "AZE"]

1. e4 c5 2. Nf3 e6 3. d4 cxd4 4. Nxd4 a6 5. Bd3 Qc7 6. O-O Nc6 7. Be3 Nf6 8. h3 Bd6 9. c3 O-O 10. Nd2 Ne5 11. Be2 Nc6 12. Kh1 Re8 13. Bd3 Bf8 14. Bg5 Be7 15. f4 d6 16. g4 e5 17. Nf5 Bxf5 18. gxf5 exf4 19. Bxf4 Ne5 20. Bxe5 dxe5 21. Qe2 Red8 22. Rad1 Nh5 23. Kh2 Nf4 24. Rxf4 exf4 25. Nf3 Bf6 26. e5 Re8 27. e6 fxe6 28. fxe6 Re7 29. h4 Bxh4 30. Qe4 Bg3+ 31. Kh3 g6 32. Bc4 Rd8 33. Rd7 Rdxd7 34. exd7+ Kf8 35. Be6 Qxd7 36. Nd4 Rxe6 37. Qxe6 Qxe6+ 38. Nxe6+ Ke7 39. Nc5 b6 40. Nxa6 g5 41. Nb4 Kd6 42. Nc2 h5 43. c4 g4+ 44. Kg2 Bh4 45. b4 Bf6 46. Ne1 h4 47. c5+ bxc5 48. bxc5+ Kc6 49. a4 h3+ 50. Kh2 Bh4 51. Nd3 Bg3+ 52. Kg1 h2+ 53. Kh1 f3 54. a5 f2 55. Nxf2 Bxf2 56. Kxh2 Kxc5 57. Kg2 g3 58. Kf3 Kb5 59. Kg2 Kxa5 60. Kf3 Kb4 0-1

[Event "Chigorin Memorial 2018"]
[Site "St. Petersburg"]
[Date "2018.11.01"]
[Round "6.130"]
[White "Laukhina, Margarita A."]
[Black "Kombar, Mariya"]
[Result "0-1"]
[WhiteElo "1555"]
[BlackElo "1851"]
[PlyCount "168"]
[EventDate "2018.10.27"]
[EventType "swiss"]
[EventCountry "RUS"]
[WhiteTeam "Russland"]
[BlackTeam "Russland"]
[WhiteTeamCountry "RUS"]
[BlackTeamCountry "RUS"]

1. d4 f5 2. c4 e6 3. Nc3 Nf6 4. Qc2 d5 5. Bg5 c6 6. e3 Be7 7. Bd3 Ne4 8. Bxe7 Qxe7 9. cxd5 Nxc3 10. bxc3 cxd5 11. Ne2 O-O 12. O-O Bd7 13. Rab1 Bc6 14. c4 dxc4 15. Bxc4 Kh8 16. Bd3 Nd7 17. Nc3 Nf6 18. Bb5 Bxb5 19. Rxb5 Rac8 20. Qb3 b6 21. a4 Qd7 22. Ne2 Ne4 23. Ra1 Nd6 24. Rb4 g5 25. Nc3 Qc6 26. Nb5 a5 27. Nxd6 axb4 28. Nxc8 Rxc8 29. g3 Qc3 30. Rb1 Rc4 31. Kf1 Kg7 32. Ke2 Kf7 33. Qxc3 bxc3 34. Kd3 c2 35. Rc1 Rxa4 36. Rxc2 g4 37. Rb2 h5 38. Kd2 Ra6 39. Kc3 Ra1 40. Rxb6 Rh1 41. Rb7+ Kf6 42. Kd3 Rxh2 43. Rh7 Rxf2 44. Rxh5 Rg2 45. Rh6+ Ke7 46. Rh7+ Kd6 47. Ra7 Rxg3 48. Ra6+ Ke7 49. Ke2 Rg2+ 50. Kf1 Rb2 51. Ra8 Kf7 52. Ra7+ Kf6 53. Ra8 Kg5 54. Re8 g3 55. Rxe6 Kg4 56. Rf6 g2+ 57. Kg1 Kg3 58. Rg6+ Kf3 59. Kh2 Kxe3 60. Rxg2 Rb4 61. Rg5 Kf4 62. Rh5 Kg4 63. Rh8 Rxd4 64. Rg8+ Kf3 65. Rg3+ Ke4 66. Kg2 Rd2+ 67. Kf1 Kf4 68. Ra3 Kg4 69. Ke1 Rc2 70. Ra7 f4 71. Rg7+ Kf3 72. Ra7 Rc1+ 73. Kd2 Rf1 74. Rf7 Kg2 75. Rg7+ Kf2 76. Rf7 f3 77. Rg7 Ra1 78. Rf7 Ra5 79. Rf6 Rd5+ 80. Kc2 Ke2 81. Re6+ Kf1 82. Rf6 f2 83. Rf8 Rd4 84. Kc3 Rg4 0-1

[Event "Chigorin Memorial 2018"]
[Site "St. Petersburg"]
[Date "2018.11.01"]
[Round "6.132"]
[White "Dushin, Nikolay"]
[Black "Shevtsova, Stefania"]
[Result "1-0"]
[WhiteElo "1881"]
[BlackElo "1553"]
[PlyCount "73"]
[EventDate "2018.10.27"]
[EventType "swiss"]
[EventCountry "RUS"]
[WhiteTeam "Russland"]
[BlackTeam "Russland"]
[WhiteTeamCountry "RUS"]
[BlackTeamCountry "RUS"]

1. d4 d5 2. Nf3 c6 3. Nbd2 Nf6 4. c4 Bf5 5. h3 h6 6. e3 e6 7. Be2 Be7 8. b3 O-O 9. Bb2 Nbd7 10. g4 Bh7 11. Rg1 Ne4 12. Nxe4 Bxe4 13. Nd2 Bg6 14. a4 Re8 15. Bc3 Bh4 16. Nf3 Bf6 17. Bd3 Bxd3 18. Qxd3 e5 19. dxe5 Nxe5 20. Nxe5 Bxe5 21. O-O-O Qb6 22. Bxe5 Rxe5 23. Qc2 Ree8 24. g5 h5 25. g6 f6 26. Rd4 Re5 27. Kb2 Rd8 28. Rgd1 Rg5 29. Qd3 Qc7 30. h4 Rg2 31. Rd2 Qh2 32. cxd5 cxd5 33. Rxd5 Rf8 34. Qf5 Qxh4 35. Rd8 Qg4 36. Qd5+ Kh8 37. Rxf8# 1-0

[Event "Chigorin Memorial 2018"]
[Site "St. Petersburg"]
[Date "2018.11.01"]
[Round "6.133"]
[White "Cherneyko, Ivan"]
[Black "Ponomarev, Denis"]
[Result "1-0"]
[WhiteElo "1628"]
[BlackElo "1879"]
[PlyCount "115"]
[EventDate "2018.10.27"]
[EventType "swiss"]
[EventCountry "RUS"]
[WhiteTeam "Russland"]
[BlackTeam "Russland"]
[WhiteTeamCountry "RUS"]
[BlackTeamCountry "RUS"]

1. d4 g6 2. c4 Bg7 3. Nc3 d6 4. e4 Nd7 5. Nf3 e6 6. Be2 b6 7. O-O Bb7 8. d5 e5 9. Qc2 Ne7 10. Rb1 O-O 11. b4 h6 12. Na4 f5 13. c5 Nf6 14. exf5 gxf5 15. c6 Bc8 16. Nc3 Kh8 17. Qb3 a6 18. Bb2 f4 19. Rbd1 Qe8 20. b5 a5 21. a4 Nf5 22. Bd3 Qh5 23. Ne4 Rg8 24. Rfe1 Nxe4 25. Bxe4 Bf6 26. Kf1 Nh4 27. Nxh4 Qxh4 28. Ke2 Bg4+ 29. Bf3 e4 30. Bxf6+ Qxf6 31. Bxg4 Rxg4 32. g3 Rf8 33. Rf1 f3+ 34. Kd2 e3+ 35. fxe3 Rb4 36. Qa3 Rb2+ 37. Kd3 Qg6+ 38. Kc4 Qc2+ 39. Qc3+ Qxc3+ 40. Kxc3 Rxh2 41. Rd4 Re2 42. Kd3 Ra2 43. Rf4 Ra3+ 44. Kd2 Rxf4 45. gxf4 Rxa4 46. Rxf3 Rb4 47. Rg3 Rxb5 48. e4 Rb2+ 49. Kc3 Rf2 50. Rg4 Rf3+ 51. Kd4 a4 52. e5 dxe5+ 53. fxe5 a3 54. d6 a2 55. Rg1 Rg3 56. Ra1 Ra3 57. d7 Ra8 58. Rxa2 1-0

[Event "Chigorin Memorial 2018"]
[Site "St. Petersburg"]
[Date "2018.11.01"]
[Round "6.134"]
[White "Isfandiyarli, Kamal"]
[Black "Saveljev, Ivan"]
[Result "1-0"]
[WhiteElo "1597"]
[BlackElo "1841"]
[PlyCount "95"]
[EventDate "2018.10.27"]
[EventType "swiss"]
[EventCountry "RUS"]
[WhiteTeam "Aserbeidschan"]
[BlackTeam "Russland"]
[WhiteTeamCountry "AZE"]
[BlackTeamCountry "RUS"]

1. d4 d5 2. c4 c6 3. e3 Nf6 4. Nf3 e6 5. Bd3 Bd6 6. O-O Ne4 7. Qc2 f5 8. b3 Nd7 9. Bb2 Qf6 10. cxd5 exd5 11. Nc3 O-O 12. Ne2 g5 13. h3 h5 14. Bxe4 fxe4 15. Nh2 Nb6 16. f4 Bd7 17. Qd1 Qg6 18. Ng3 gxf4 19. Qxh5 Rf6 20. Qh4 Qxg3 21. Qxg3+ fxg3 22. Rxf6 gxh2+ 23. Kh1 Be7 24. Rf2 Rf8 25. Rxf8+ Bxf8 26. Kxh2 Bh6 27. Re1 Nc8 28. Ba3 Bf8 29. Bxf8 Kxf8 30. Rf1+ Kg7 31. g4 Nd6 32. Kg3 Nf7 33. h4 Nh6 34. Kf4 Kh7 35. g5 Nf5 36. h5 Nh4 37. Rg1 Be6 38. Rc1 Bg8 39. Rc2 Kg7 40. b4 Be6 41. Ke5 Bg4 42. h6+ Kh7 43. b5 Bd1 44. bxc6 Ng6+ 45. Kf6 Bxc2 46. c7 Ba4 47. c8=Q Bc6 48. Qc7+ 1-0

[Event "Chigorin Memorial 2018"]
[Site "St. Petersburg"]
[Date "2018.11.01"]
[Round "6.135"]
[White "Petrov, Maksim"]
[Black "Bulsoev, Alexander"]
[Result "0-1"]
[WhiteElo "1589"]
[BlackElo "1828"]
[PlyCount "66"]
[EventDate "2018.10.27"]
[EventType "swiss"]
[EventCountry "RUS"]
[WhiteTeam "Russland"]
[BlackTeam "Russland"]
[WhiteTeamCountry "RUS"]
[BlackTeamCountry "RUS"]

1. d4 d5 2. c4 c6 3. Nc3 Nf6 4. Nf3 e6 5. cxd5 exd5 6. Bf4 Bd6 7. Bg3 O-O 8. e3 Bf5 9. Bd3 Bxd3 10. Qxd3 Re8 11. O-O Bxg3 12. hxg3 Nbd7 13. b4 a6 14. a4 Ne4 15. Rfb1 Nd6 16. Nd2 Nb6 17. b5 Nbc4 18. bxc6 bxc6 19. Nb3 a5 20. Nc5 Qe7 21. Rb3 Rab8 22. Rab1 Rxb3 23. Rxb3 f5 24. Nb1 Qf7 25. Nd2 Ne4 26. Rb7 Nxc5 27. dxc5 Qxb7 28. Nxc4 dxc4 29. Qxc4+ Kh8 30. Qd4 h6 31. Qd3 Rb8 32. Qxf5 Qb1+ 33. Qxb1 Rxb1+ 0-1